Normal view
MARC view
Entry Personal Name
001 - CONTROL NUMBER
- control field: 19109
003 - CONTROL NUMBER IDENTIFIER
- control field: OSt
005 - DATE AND TIME OF LATEST TRANSACTION
- control field: 20211105134351.0
008 - FIXED-LENGTH DATA ELEMENTS
- fixed length control field: 211105|| aca||aabn | a|a d
040 ## - CATALOGING SOURCE
- Original cataloging agency: OSt
- Transcribing agency: OSt
100 ## - HEADING--PERSONAL NAME
- Personal name: Castelli, E., ed
670 ## - SOURCE DATA FOUND
- Source citation: Work cat.: (OSt): International Astronomical Union Colloquium, no. 138, on Peculiar Versus normal Phenomena in A-Type and Related Stars 138 Trieste 1992 July 19107, Peculiar versus normal phenomena in A-Type and Related Stars, 1993